<?xml version="1.0" encoding="UTF-8"?>
<record
    xmlns:xsi="http://www.w3.org/2001/XMLSchema-instance"
    xsi:schemaLocation="http://www.loc.gov/MARC21/slim http://www.loc.gov/standards/marcxml/schema/MARC21slim.xsd"
    xmlns="http://www.loc.gov/MARC21/slim">

  <leader>00877nam a2200181Ia 4500</leader>
  <controlfield tag="008">090124s9999    xx            000 0 und d</controlfield>
  <datafield tag="082" ind1=" " ind2=" ">
    <subfield code="b">19908</subfield>
  </datafield>
  <datafield tag="100" ind1=" " ind2=" ">
    <subfield code="a">&#x92B;&#x921;&#x915;&#x947; &#x928;&#x93E;.&#x938;&#x940;.</subfield>
  </datafield>
  <datafield tag="245" ind1=" " ind2=" ">
    <subfield code="a"> &#x92F;&#x942;&#x930;&#x94B;&#x92A;&#x92E;&#x927;&#x94D;&#x92F;&#x947;&#x902; &#x915;&#x93E;&#x930;&#x94D;&#x92F;&#x915;&#x93E;&#x930;&#x923;&#x935;&#x93E;&#x926;&#x93E;&#x91A;&#x93E; &#x909;&#x926;&#x92F; &#x935; &#x92A;&#x94D;&#x930;&#x92D;&#x93E;&#x935; (&#x916;&#x902;&#x921; 1 &#x932;&#x93E; )</subfield>
  </datafield>
  <datafield tag="250" ind1=" " ind2=" ">
    <subfield code="a">1</subfield>
  </datafield>
  <datafield tag="260" ind1=" " ind2=" ">
    <subfield code="b">&#x926;&#x93E;&#x92E;&#x94B;&#x926;&#x930; &#x938;&#x93E;&#x902;&#x935;&#x933;&#x93E;&#x930;&#x93E;&#x92E; &#x906;&#x923;&#x93F; &#x92E;&#x902;&#x921;&#x933;&#x940;</subfield>
    <subfield code="c">1914</subfield>
  </datafield>
  <datafield tag="300" ind1=" " ind2=" ">
    <subfield code="a">"350,77"</subfield>
  </datafield>
  <datafield tag="600" ind1=" " ind2=" ">
    <subfield code="a">&#x92B;&#x921;&#x915;&#x947; &#x928;&#x93E;.&#x938;&#x940;.</subfield>
  </datafield>
  <datafield tag="630" ind1=" " ind2=" ">
    <subfield code="a"> &#x92F;&#x942;&#x930;&#x94B;&#x92A;&#x92E;&#x927;&#x94D;&#x92F;&#x947;&#x902; &#x915;&#x93E;&#x930;&#x94D;&#x92F;&#x915;&#x93E;&#x930;&#x923;&#x935;&#x93E;&#x926;&#x93E;&#x91A;&#x93E; &#x909;&#x926;&#x92F; &#x935; &#x92A;&#x94D;&#x930;&#x92D;&#x93E;&#x935; (&#x916;&#x902;&#x921; 1 &#x932;&#x93E; )</subfield>
  </datafield>
  <datafield tag="700" ind1=" " ind2=" ">
    <subfield code="a">&#x92B;&#x921;&#x915;&#x947; &#x928;&#x93E;.&#x938;&#x940;.</subfield>
  </datafield>
  <datafield tag="730" ind1=" " ind2=" ">
    <subfield code="a"> &#x92F;&#x942;&#x930;&#x94B;&#x92A;&#x92E;&#x927;&#x94D;&#x92F;&#x947;&#x902; &#x915;&#x93E;&#x930;&#x94D;&#x92F;&#x915;&#x93E;&#x930;&#x923;&#x935;&#x93E;&#x926;&#x93E;&#x91A;&#x93E; &#x909;&#x926;&#x92F; &#x935; &#x92A;&#x94D;&#x930;&#x92D;&#x93E;&#x935; (&#x916;&#x902;&#x921; 1 &#x932;&#x93E; )</subfield>
  </datafield>
  <datafield tag="942" ind1=" " ind2=" ">
    <subfield code="c">BOOK</subfield>
  </datafield>
  <datafield tag="999" ind1=" " ind2=" ">
    <subfield code="c">90689</subfield>
    <subfield code="d">90689</subfield>
  </datafield>
  <datafield tag="952" ind1=" " ind2=" ">
    <subfield code="0">0</subfield>
    <subfield code="1">0</subfield>
    <subfield code="4">0</subfield>
    <subfield code="7">0</subfield>
    <subfield code="a">THNNWM</subfield>
    <subfield code="b">THNNWM</subfield>
    <subfield code="d">0000-00-00</subfield>
    <subfield code="g">10.00</subfield>
    <subfield code="l">0</subfield>
    <subfield code="o">19908</subfield>
    <subfield code="p">THNNWM-19908</subfield>
    <subfield code="r">2009-01-24 00:00:00</subfield>
    <subfield code="v">10.00</subfield>
    <subfield code="w">2009-01-24</subfield>
    <subfield code="y">BOOK</subfield>
  </datafield>
</record>
